000 00655cam a22002413a 4500
001 17946
003 PGUSA
005 20140828083401.0
008 060308s2006||||xxu|||||s|||||000 | eng d
040 _aPGUSA
_beng
042 _adc
050 4 _aPT
245 1 0 _aEirik the Red's Saga
_h[electronic resource]
260 _bProject Gutenberg,
_c2006
506 _aPublic domain in the USA.
516 _aElectronic text
653 _aSagas
653 _aOld Norse literature -- Translations into English
700 1 _aSephton, John,
_d1835-
830 0 _aProject Gutenberg
_v17946
856 4 0 _uhttp://www.gutenberg.org/ebooks/17946
942 _cEB
999 _c247201
_d247201